[Event "Baku Chess Olympiad | Open"]
[Site "chess24.com"]
[Date "2016.09.10"]
[Round "8"]
[White "Adricula, Noel A"]
[Black "Khuphwathea, Paul C."]
[Result "1/2-1/2"]
[Board "4"]
[WhiteID "11400234"]
[WhiteElo "1656"]
[WhiteTitle "CM"]
[WhiteCountry "FIJ"]
[WhiteFideId "11400234"]
[WhiteEloChange "5"]
[BlackID "14305569"]
[BlackElo "1864"]
[BlackCountry "MAW"]
[BlackFideId "14305569"]
[BlackEloChange "-5"]

1. e4 {[%clk 1:30:56]} c5 {[%clk 1:30:39]} 2. Nf3 {[%clk 1:31:07]} Nc6 {[%clk
1:30:59]} 3. d4 {[%clk 1:30:06]} cxd4 {[%clk 1:31:22]} 4. Nxd4 {[%clk 1:30:28]}
Nf6 {[%clk 1:31:40]} 5. Nc3 {[%clk 1:30:41]} g6 {[%clk 1:32:05]} 6. Be3 {[%clk
1:30:39]} Bg7 {[%clk 1:32:28]} 7. f3 {[%clk 1:26:24]} Qa5 {[%clk 1:32:32]} 8. Qd2
{[%clk 1:20:29]} a6 {[%clk 1:29:34]} 9. Be2 {[%clk 1:19:50]} d6 {[%clk 1:29:34]}
10. O-O {[%clk 1:11:00]} O-O {[%clk 1:29:52]} 11. Bc4 {[%clk 1:07:42]} Nxd4
{[%clk 1:28:11]} 12. Bxd4 {[%clk 1:07:50]} Qb4 {[%clk 1:28:35]} 13. Bb3 {[%clk
1:07:36]} Nxe4 {[%clk 1:28:42]} 14. fxe4 {[%clk 1:00:11]} Qxd4+ {[%clk 1:29:05]}
15. Qxd4 {[%clk 1:00:00]} Bxd4+ {[%clk 1:29:30]} 16. Kh1 {[%clk 1:00:02]} Bxc3
{[%clk 1:29:56]} 17. bxc3 {[%clk 1:00:05]} Be6 {[%clk 1:30:22]} 18. Rf3 {[%clk
0:47:05]} Rac8 {[%clk 1:30:10]} 19. Re1 {[%clk 0:39:34]} Bc4 {[%clk 1:30:11]} 20.
h3 {[%clk 0:39:11]} Rc5 {[%clk 1:30:31]} 21. Ree3 {[%clk 0:36:36]} b5 {[%clk
1:30:46]} 22. Kh2 {[%clk 0:35:23]} f6 {[%clk 1:30:43]} 23. g4 {[%clk 0:32:57]}
Rb8 {[%clk 1:30:58]} 24. Re1 {[%clk 0:20:50]} a5 {[%clk 1:31:18]} 25. Rb1 {[%clk
0:17:05]} Rcc8 {[%clk 1:31:39]} 26. Kg3 {[%clk 0:11:30]} Kg7 {[%clk 1:32:03]} 27.
h4 {[%clk 0:03:14]} a4 {[%clk 1:32:27]} 28. Bxc4 {[%clk 0:03:30]} bxc4 {[%clk
1:32:50]} 29. Rb4 {[%clk 0:03:16]} Rxb4 {[%clk 1:32:50]} 30. cxb4 {[%clk
0:03:42]} c3 {[%clk 1:32:52]} 31. a3 {[%clk 0:04:02]} Kf7 {[%clk 1:33:18]} 32. g5
{[%clk 0:03:47]} Ke6 {[%clk 1:33:41]} 33. Kg4 {[%clk 0:03:41]} Ke5 {[%clk
1:33:55]} 34. Re3 {[%clk 0:03:17]} Rc4 {[%clk 1:34:06]} 35. Kf3 {[%clk 0:02:48]}
fxg5 {[%clk 1:34:18]} 36. hxg5 {[%clk 0:03:09]} e6 {[%clk 1:34:39]} 37. Re1
{[%clk 0:03:12]} d5 {[%clk 1:34:47]} 38. exd5+ {[%clk 0:03:03]} Kxd5 {[%clk
1:35:08]} 39. Rh1 {[%clk 0:02:22]} Rc7 {[%clk 1:35:26]} 40. Rd1+ {[%clk 0:32:41]}
Ke5 {[%clk 2:05:44]} 41. Ke3 {[%clk 0:29:08]} Kf5 {[%clk 2:01:02]} 42. Rg1 {[%clk
0:29:27]} Rd7 {[%clk 2:01:23]} 43. b5 {[%clk 0:29:17]} Rb7 {[%clk 2:00:10]} 44.
Rb1 {[%clk 0:29:36]} Kxg5 {[%clk 2:00:18]} 45. Kd3 {[%clk 0:29:54]} h5 {[%clk
1:59:05]} 46. Kxc3 {[%clk 0:30:15]} h4 {[%clk 1:58:42]} 47. Kd4 {[%clk 0:30:32]}
Kf4 {[%clk 1:56:28]} 48. c4 {[%clk 0:30:50]} h3 {[%clk 1:56:44]} 49. c5 {[%clk
0:31:03]} h2 {[%clk 1:56:44]} 50. c6 {[%clk 0:30:44]} Rxb5 {[%clk 1:56:57]} 51.
Rf1+ {[%clk 0:30:05]} Kg3 {[%clk 1:56:10]} 52. c7 {[%clk 0:28:49]} Rd5+ {[%clk
1:56:37]} 53. Kc4 {[%clk 0:27:58]} Rd2 {[%clk 1:55:23]} 54. Kc3 {[%clk 0:28:04]}
Rf2 {[%clk 1:55:14]} 55. Rxf2 {[%clk 0:24:44]} h1Q {[%clk 1:55:25]} 56. c8Q
{[%clk 0:24:28]} Kxf2 {[%clk 1:55:39]} 57. Qc5+ {[%clk 0:24:25]} Kg3 {[%clk
1:54:23]} 58. Qe5+ {[%clk 0:24:20]} Kf2 {[%clk 1:54:28]} 59. Qd4+ {[%clk
0:24:23]} Kg3 {[%clk 1:48:24]} 60. Qe5+ {[%clk 0:24:30]} Kg4 {[%clk 1:48:33]} 61.
Qxe6+ {[%clk 0:22:41]} Kf4 {[%clk 1:48:51]} 62. Qf6+ {[%clk 0:22:05]} Ke3 {[%clk
1:49:05]} 63. Qg5+ {[%clk 0:20:17]} Ke4 {[%clk 1:48:43]} 64. Qxg6+ {[%clk
0:20:06]} Kd5 {[%clk 1:48:41]} 65. Qf7+ {[%clk 0:19:15]} Kd6 {[%clk 1:48:09]} 66.
Qf8+ {[%clk 0:18:44]} Kd7 {[%clk 1:48:11]} 67. Qf7+ {[%clk 0:16:45]} Kd8 {[%clk
1:48:16]} 68. Qf8+ {[%clk 0:16:22]} Kc7 {[%clk 1:48:26]} 69. Qe7+ {[%clk
0:14:43]} 1/2-1/2

[Event "Baku Chess Olympiad | Open"]
[Site "chess24.com"]
[Date "2016.09.10"]
[Round "8"]
[White "Pierre, Jn Claude"]
[Black "Ieong, Seak Hin"]
[Result "0-1"]
[Board "3"]
[WhiteID "11900253"]
[WhiteElo "1912"]
[WhiteCountry "HAI"]
[WhiteFideId "11900253"]
[WhiteEloChange "-12"]
[BlackID "15400344"]
[BlackElo "1841"]
[BlackCountry "MAC"]
[BlackFideId "15400344"]
[BlackEloChange "12"]

1. d4 {[%clk 1:30:53]} Nf6 {[%clk 1:30:56]} 2. c4 {[%clk 1:31:16]} e5 {[%clk
1:31:21]} 3. d5 {[%clk 1:28:20]} Bb4+ {[%clk 1:30:45]} 4. Bd2 {[%clk 1:28:22]}
Bxd2+ {[%clk 1:30:56]} 5. Nxd2 {[%clk 1:28:17]} O-O {[%clk 1:29:25]} 6. e4 {[%clk
1:28:39]} d6 {[%clk 1:29:44]} 7. Be2 {[%clk 1:28:56]} Nbd7 {[%clk 1:29:44]} 8.
Ngf3 {[%clk 1:29:10]} Nc5 {[%clk 1:29:35]} 9. Qc2 {[%clk 1:29:19]} Nh5 {[%clk
1:29:17]} 10. b4 {[%clk 1:28:31]} Nd7 {[%clk 1:28:45]} 11. g3 {[%clk 1:28:43]} g6
{[%clk 1:28:36]} 12. Nh4 {[%clk 1:27:19]} Ng7 {[%clk 1:28:56]} 13. Bd3 {[%clk
1:27:27]} c6 {[%clk 1:28:12]} 14. O-O {[%clk 1:27:44]} cxd5 {[%clk 1:28:37]} 15.
cxd5 {[%clk 1:28:06]} Nb6 {[%clk 1:28:48]} 16. Rfc1 {[%clk 1:28:06]} f5 {[%clk
1:23:22]} 17. a4 {[%clk 1:27:59]} fxe4 {[%clk 1:19:55]} 18. Bxe4 {[%clk 1:28:12]}
Nf5 {[%clk 1:18:28]} 19. Ndf3 {[%clk 1:26:52]} Bd7 {[%clk 1:16:17]} 20. a5 {[%clk
1:27:03]} Rc8 {[%clk 1:16:33]} 21. Qd3 {[%clk 1:26:53]} Na8 {[%clk 1:15:46]} 22.
Qd2 {[%clk 1:24:29]} Nc7 {[%clk 1:14:09]} 23. Nxf5 {[%clk 1:18:17]} Bxf5 {[%clk
1:14:24]} 24. Bxf5 {[%clk 1:18:21]} Rxf5 {[%clk 1:14:26]} 25. Nh4 {[%clk
1:18:07]} Rf7 {[%clk 1:14:16]} 26. Rc2 {[%clk 1:16:17]} Nb5 {[%clk 1:12:41]} 27.
Rxc8 {[%clk 1:14:45]} Qxc8 {[%clk 1:13:08]} 28. Rc1 {[%clk 1:15:09]} Rc7 {[%clk
1:11:57]} 29. Rxc7 {[%clk 1:15:16]} Qxc7 {[%clk 1:12:25]} 30. f4 {[%clk 1:15:13]}
Qc3 {[%clk 1:10:08]} 31. Qxc3 {[%clk 1:13:21]} Nxc3 {[%clk 1:10:36]} 32. fxe5
{[%clk 1:13:45]} Nxd5 {[%clk 1:07:35]} 33. exd6 {[%clk 1:14:09]} Nxb4 {[%clk
1:07:58]} 34. Nf3 {[%clk 1:14:12]} Nc6 {[%clk 1:08:02]} 35. d7 {[%clk 1:13:24]}
Kf8 {[%clk 1:08:22]} 36. Ng5 {[%clk 1:13:11]} h6 {[%clk 1:06:55]} 37. Ne4 {[%clk
1:09:55]} Ke7 {[%clk 1:07:18]} 38. a6 {[%clk 1:10:17]} bxa6 {[%clk 1:06:02]} 39.
Nc5 {[%clk 1:10:24]} a5 {[%clk 1:06:24]} 40. Kf2 {[%clk 1:39:21]} Kd6 {[%clk
1:36:46]} 41. d8Q+ {[%clk 1:39:21]} Nxd8 {[%clk 1:39:05]} 42. Na4 {[%clk
1:39:46]} Kd5 {[%clk 1:39:14]} 43. Ke2 {[%clk 1:40:04]} Ne6 {[%clk 1:39:08]} 44.
Kd2 {[%clk 1:40:08]} Nc5 {[%clk 1:38:57]} 45. Nc3+ {[%clk 1:40:18]} Kc4 {[%clk
1:39:09]} 46. Kc2 {[%clk 1:38:50]} a6 {[%clk 1:38:02]} 47. g4 {[%clk 1:38:58]}
Kd4 {[%clk 1:38:03]} 48. h4 {[%clk 1:38:05]} Ke5 {[%clk 1:38:16]} 49. Ne2 {[%clk
1:36:31]} Ke4 {[%clk 1:38:37]} 50. g5 {[%clk 1:36:16]} h5 {[%clk 1:39:01]} 51.
Kc3 {[%clk 1:36:28]} Kf3 {[%clk 1:39:13]} 52. Nd4+ {[%clk 1:35:58]} Kg4 {[%clk
1:39:41]} 53. Kc4 {[%clk 1:36:14]} Nb7 {[%clk 1:39:27]} 54. Kd3 {[%clk 1:35:07]}
Kxh4 {[%clk 1:39:43]} 55. Nf3+ {[%clk 1:35:07]} Kg4 {[%clk 1:39:43]} 56. Ke3
{[%clk 1:35:08]} a4 {[%clk 1:40:04]} 57. Nd2 {[%clk 1:33:18]} Kxg5 {[%clk
1:40:17]} 58. Nc4 {[%clk 1:33:43]} h4 {[%clk 1:40:25]} 59. Kf3 {[%clk 1:34:02]}
Nc5 {[%clk 1:40:47]} 60. Kg2 {[%clk 1:34:20]} Kf4 {[%clk 1:41:05]} 61. Na3 {[%clk
1:34:37]} g5 {[%clk 1:41:29]} 62. Nc4 {[%clk 1:33:46]} g4 {[%clk 1:41:53]} 63.
Kh2 {[%clk 1:33:53]} h3 {[%clk 1:42:15]} 64. Na3 {[%clk 1:34:01]} Kf3 {[%clk
1:42:40]} 65. Nc4 {[%clk 1:34:13]} Ne4 {[%clk 1:42:57]} 66. Ne5+ {[%clk 1:34:24]}
Kf4 {[%clk 1:43:12]} 67. Nc4 {[%clk 1:34:22]} Ng5 {[%clk 1:43:10]} 68. Nb2 {[%clk
1:31:50]} Nf3+ {[%clk 1:43:33]} 69. Kh1 {[%clk 1:32:15]} g3 {[%clk 1:43:59]} 70.
Nd3+ {[%clk 1:32:26]} Ke3 {[%clk 1:44:22]} 71. Nf4 {[%clk 1:32:37]} g2+ {[%clk
1:43:18]} 0-1

[Event "Baku Chess Olympiad | Open"]
[Site "chess24.com"]
[Date "2016.09.10"]
[Round "8"]
[White "Mongiello, Anthony"]
[Black "Elmi Boulaleh, Mohamed"]
[Result "0-1"]
[Board "2"]
[WhiteID "6800173"]
[WhiteElo "1576"]
[WhiteCountry "ISV"]
[WhiteFideId "6800173"]
[WhiteEloChange "-12"]
[BlackID "32500017"]
[BlackElo "1502"]
[BlackCountry "DJI"]
[BlackFideId "32500017"]
[BlackEloChange "12"]

1. d4 {[%clk 1:30:57]} c5 {[%clk 1:25:37]} 2. c3 {[%clk 1:30:38]} e6 {[%clk
1:26:02]} 3. Nf3 {[%clk 1:29:02]} h6 {[%clk 1:23:46]} 4. Bf4 {[%clk 1:29:00]} Nc6
{[%clk 1:23:54]} 5. e3 {[%clk 1:28:53]} Nf6 {[%clk 1:24:03]} 6. Bd3 {[%clk
1:29:06]} Qb6 {[%clk 1:24:31]} 7. Qe2 {[%clk 1:26:27]} Nh5 {[%clk 1:23:26]} 8.
Bg3 {[%clk 1:26:17]} Be7 {[%clk 1:23:31]} 9. Ne5 {[%clk 1:22:03]} Nxg3 {[%clk
1:21:21]} 10. hxg3 {[%clk 1:22:23]} Nxe5 {[%clk 1:21:26]} 11. dxe5 {[%clk
1:21:58]} a6 {[%clk 1:19:31]} 12. b3 {[%clk 1:19:50]} d6 {[%clk 1:18:59]} 13. f4
{[%clk 1:18:29]} Bd7 {[%clk 1:18:15]} 14. Nd2 {[%clk 1:16:25]} Qc7 {[%clk
1:15:25]} 15. Nc4 {[%clk 1:12:23]} d5 {[%clk 1:13:00]} 16. Nb2 {[%clk 1:10:35]}
d4 {[%clk 1:07:38]} 17. exd4 {[%clk 1:09:57]} cxd4 {[%clk 1:08:04]} 18. c4 {[%clk
1:09:03]} Bb4+ {[%clk 1:08:28]} 19. Kf2 {[%clk 1:08:48]} b5 {[%clk 1:04:37]} 20.
a3 {[%clk 1:01:54]} Bc3 {[%clk 1:04:59]} 21. Rac1 {[%clk 1:01:28]} Qa5 {[%clk
1:03:21]} 22. Nd1 {[%clk 0:56:28]} Bd2 {[%clk 1:02:37]} 23. Rc2 {[%clk 0:54:57]}
Bc3 {[%clk 1:00:36]} 24. Nxc3 {[%clk 0:49:07]} dxc3 {[%clk 1:00:45]} 25. Ra2
{[%clk 0:38:42]} Rb8 {[%clk 0:58:32]} 26. b4 {[%clk 0:34:38]} Qd8 {[%clk
0:57:53]} 27. c5 {[%clk 0:32:49]} Bc6 {[%clk 0:57:57]} 28. Qe3 {[%clk 0:29:14]}
Qd5 {[%clk 0:58:22]} 29. Rc2 {[%clk 0:27:54]} Qxg2+ {[%clk 0:58:40]} 30. Ke1
{[%clk 0:27:00]} Qxh1+ {[%clk 0:59:06]} 31. Bf1 {[%clk 0:27:01]} Rd8 {[%clk
0:58:19]} 32. Qxc3 {[%clk 0:26:10]} O-O {[%clk 0:57:09]} 33. Qb2 {[%clk 0:23:31]}
Bf3 {[%clk 0:57:11]} 34. c6 {[%clk 0:16:22]} Rd1+ {[%clk 0:57:32]} 35. Kf2 {[%clk
0:16:17]} Qxf1+ {[%clk 0:58:00]} 36. Ke3 {[%clk 0:15:47]} Rd3# {[%clk 0:58:26]}
0-1